Представление документа в формате RUSMARC

ПолеНазваниеЗначение
  Тип записи a
  Библиографический уровень m
001 Контрольный номер RU/SLIB/B/208755690
005 Дата корректировки 20201206204151.4
010 Индекс ISBN __
d Цена 2-61
101 Язык документа __
a Язык текста rus
200 Заглавие и сведения об ответственности 0_
a Заглавие Исследования и очерки
f Первые сведения об ответственности Ильин М. А.
b Общее обозначение материала Текст
210 Выходные данные __
a Место издания М.
c Издательство Совет. художник
d Дата издания 1976
215 Физическое описание __
a Объем 284 с.
c Иллюстрации/тип воспроизводства ил.
606 Тематические рубрики __
a Основная рубрика Изобразительное искусство и архитектура
606 Тематические рубрики __
a Основная рубрика Декоративно-прикладное искусство в целом
606 Тематические рубрики __
a Основная рубрика История архитектуры
610 Ключевые слова __
a Ключевые слова исследования; очерки; персоналии; история декоративно-прикладного искусства; история декоративного искусства; художественные промыслы
686 Индексы других классификаций __
a Классификационный индекс 85.12
686 Индексы других классификаций __
a Классификационный индекс 85.113(2)6
700 Автор __
a Фамилия Ильин
b Имя М. А.
4 Код отношения 070
801 Источник записи _0
a Страна RU
b Организация Муниципальное бюджетное учреждение культуры "Централизованная библиотечная система" г. Сургут (Центральная городская библиотека им. А. С. Пушкина)
g Правила каталогизации КиК/Михайлова
801 Источник записи _1
a Страна RU
b Организация Муниципальное бюджетное учреждение культуры "Централизованная библиотечная система" г. Сургут (Центральная городская библиотека им. А. С. Пушкина)
g Правила каталогизации КиК/Михайлова
852 Данные о местонахождении __
j Шифр хранения 85.12
c Каталожный индекс 85.12 ; 85.113(2)6
i Авторский знак И 46
p Инвентарный номер 48493(с)
901 Тип документа __
t Тип документа m
990 Данные о заказе (DOS) __
j Количество экземпляров (DOS) 1